[Event "Madrid 2019-2020 ch - Previa A"]
[Site "Madrid ESP"]
[Date "2020.02.04"]
[Round "2.36"]
[White "Loriente Del Real, Alberto"]
[Black "Rubio Gonzalez, Beltran"]
[Result "1/2-1/2"]
[WhiteElo "1288"]
[BlackElo "1601"]
[PlyCount "135"]
[EventDate "2020.02.03"]
[EventType "swiss"]
[EventRounds "9"]
[EventCountry "ESP"]
[SourceTitle "Ajedrez en Madrid"]
[Source "lmi"]
[SourceDate "2020.02.03"]
[SourceVersion "1"]
[SourceVersionDate "2020.02.27"]
[SourceQuality "1"]

1. e4 e5 2. Nf3 Nc6 3. Bb5 f5 4. Bxc6 dxc6 5. Nxe5 Qd4 6. Nf3 Qxe4+ 7. Qe2
Qxe2+ 8. Kxe2 Bd6 9. Re1 Ne7 10. d4 O-O 11. Kf1 c5 12. Bg5 Ng6 13. dxc5 Bxc5
14. Be3 Bd6 15. Nc3 Bd7 16. Rad1 b6 17. h4 Rfe8 18. Bd4 Bc6 19. Rd3 Rad8 20. g3
Rxe1+ 21. Nxe1 f4 22. h5 Ne7 23. Be5 fxg3 24. Bxd6 Rxd6 25. Rxd6 cxd6 26. fxg3
Nf5 27. Kf2 h6 28. Ne2 Kf7 29. Nf3 Kf6 30. Ned4 Bd7 31. Nxf5 Kxf5 32. Nd2 Kg4
33. Nc4 Kxh5 34. Nxd6 Kg4 35. Nc4 Kf5 36. Ne3+ Ke4 37. Nc4 Be6 38. Nd2+ Kf5 39.
Nf3 Bxa2 40. b3 Ke4 41. Ke2 a5 42. Ne1 a4 43. bxa4 Kd4 44. Kd2 Bd5 45. Nd3 Bc6
46. Nb2 Bd7 47. c3+ Ke5 48. Nd3+ Kd6 49. Nb2 g5 50. Nc4+ Kc7 51. a5 b5 52. Ne5
Be8 53. Nd3 h5 54. Ke3 h4 55. gxh4 gxh4 56. Kf2 h3 57. Kg3 Bd7 58. Nb4 Kb8 59.
Nd3 Bf5 60. Nf2 Ka7 61. Nxh3 Bxh3 62. Kxh3 Ka6 63. Kg3 Kxa5 64. Kf3 Ka4 65. Ke3
Kb3 66. Kd3 Kb2 67. Kd2 Kb3 68. Kd3 1/2-1/2

[Event "Madrid 2019-2020 ch - Previa A"]
[Site "Madrid ESP"]
[Date "2020.02.05"]
[Round "3.1"]
[White "Panduru, Eugen"]
[Black "Pashov, Spas Nikolov"]
[Result "1-0"]
[WhiteElo "1982"]
[BlackElo "1837"]
[PlyCount "45"]
[EventDate "2020.02.03"]
[EventType "swiss"]
[EventRounds "9"]
[EventCountry "ESP"]
[SourceTitle "Ajedrez en Madrid"]
[Source "lmi"]
[SourceDate "2020.02.03"]
[SourceVersion "1"]
[SourceVersionDate "2020.02.27"]
[SourceQuality "1"]

1. e4 e5 2. Nf3 Nc6 3. Bc4 Bc5 4. b4 Bxb4 5. c3 Bc5 6. d4 exd4 7. cxd4 Bb4+ 8.
Nbd2 d6 9. d5 Bxd2+ 10. Bxd2 Ne5 11. Nxe5 dxe5 12. Bb4 c5 13. Bc3 f6 14. O-O
Qd6 15. f4 exf4 16. e5 Qd7 17. a4 Qg4 18. Bb5+ Kf8 19. Qd2 g5 20. exf6 Kf7 21.
Rae1 Bd7 22. h3 Qf5 23. Re5 1-0

[Event "Madrid 2019-2020 ch - Previa A"]
[Site "Madrid ESP"]
[Date "2020.02.05"]
[Round "3.2"]
[White "Garcia Prados, David"]
[Black "Cabañas Bravo, Juan Andres"]
[Result "1/2-1/2"]
[WhiteElo "1872"]
[BlackElo "1981"]
[PlyCount "78"]
[EventDate "2020.02.03"]
[EventType "swiss"]
[EventRounds "9"]
[EventCountry "ESP"]
[SourceTitle "Ajedrez en Madrid"]
[Source "lmi"]
[SourceDate "2020.02.03"]
[SourceVersion "1"]
[SourceVersionDate "2020.02.27"]
[SourceQuality "1"]

1. e4 e5 2. Nf3 Nc6 3. Bb5 Bc5 4. c3 Qf6 5. O-O Nge7 6. d3 h6 7. Be3 Bb6 8.
Nbd2 O-O 9. Nc4 d6 10. Nxb6 axb6 11. Nd2 Ng6 12. Qf3 Nf4 13. Bxf4 exf4 14. Bxc6
bxc6 15. Rfe1 Qg5 16. Qe2 Bg4 17. f3 Be6 18. a3 f6 19. Kh1 Qh4 20. Rf1 Ra5 21.
Qf2 Qh5 22. c4 Qg6 23. Nb3 Rh5 24. Nd4 Bd7 25. Ne2 Qg5 26. g3 fxg3 27. Nxg3 Rh3
28. f4 Qh4 29. f5 Ra8 30. Rg1 c5 31. Qg2 Qg4 32. Qf2 Bc6 33. Rg2 Re8 34. Rag1
Re7 35. Ne2 Qf3 36. Nf4 Qxf2 37. Rxf2 Re3 38. Ng6 Re8 39. Rg3 Rxg3 1/2-1/2

[Event "Madrid 2019-2020 ch - Previa A"]
[Site "Madrid ESP"]
[Date "2020.02.05"]
[Round "3.3"]
[White "Garcia Galeote, Lorenzo"]
[Black "Camarero Izquierdo, Juan Carlos"]
[Result "0-1"]
[WhiteElo "1926"]
[BlackElo "1828"]
[PlyCount "102"]
[EventDate "2020.02.03"]
[EventType "swiss"]
[EventRounds "9"]
[EventCountry "ESP"]
[SourceTitle "Ajedrez en Madrid"]
[Source "lmi"]
[SourceDate "2020.02.03"]
[SourceVersion "1"]
[SourceVersionDate "2020.02.27"]
[SourceQuality "1"]

1. d4 f5 2. Nf3 e6 3. g3 Nf6 4. Bg2 d5 5. O-O Bd6 6. c4 c6 7. b3 Qe7 8. a4 Nbd7
9. Ba3 Bxa3 10. Nxa3 Ne4 11. Ne5 O-O 12. f3 Nxe5 13. fxe4 Ng4 14. Nc2 dxe4 15.
h3 Nf6 16. e3 Bd7 17. b4 Be8 18. Qe1 Nh5 19. g4 fxg4 20. Rxf8+ Qxf8 21. hxg4
Nf6 22. g5 Ng4 23. Qg3 h5 24. gxh6 Nxh6 25. Bxe4 Nf5 26. Qh3 Qf6 27. Rf1 Bg6
28. Rf4 Rf8 29. Bxf5 Bxf5 30. Qg2 Qh6 31. Rf3 Rf6 32. Rg3 Qh7 33. Ne1 Be4 34.
Nf3 Qh6 35. Kf2 Qh7 36. Kg1 Bxf3 37. Rxf3 Qb1+ 38. Kh2 Rxf3 39. Qxf3 Qxb4 40.
c5 Qxa4 41. Qf4 Qc2+ 42. Kg1 Qb1+ 43. Kg2 a5 44. Qc7 a4 45. Qe7 Qe4+ 46. Kf2
Qf5+ 47. Ke2 a3 48. Qxb7 Qc2+ 49. Kf3 a2 50. Qa8+ Kh7 51. Kf4 Qb1 0-1

[Event "Madrid 2019-2020 ch - Previa A"]
[Site "Madrid ESP"]
[Date "2020.02.05"]
[Round "3.4"]
[White "Rodriguez Diaz, Alberto Jose"]
[Black "Moreno Uribarri, Miguel"]
[Result "1/2-1/2"]
[WhiteElo "1910"]
[BlackElo "1802"]
[PlyCount "91"]
[EventDate "2020.02.03"]
[EventType "swiss"]
[EventRounds "9"]
[EventCountry "ESP"]
[SourceTitle "Ajedrez en Madrid"]
[Source "lmi"]
[SourceDate "2020.02.03"]
[SourceVersion "1"]
[SourceVersionDate "2020.02.27"]
[SourceQuality "1"]

1. f4 Nf6 2. Nf3 g6 3. b3 Bg7 4. Bb2 O-O 5. e3 d6 6. c4 c5 7. Bd3 Nc6 8. a3 e5
9. fxe5 Ng4 10. O-O Ngxe5 11. Nxe5 Nxe5 12. Qc2 Qh4 13. Rf4 Qh5 14. Be4 g5 15.
Rf1 Ng4 16. h3 Ne5 17. Bf5 Bxf5 18. Qxf5 Nf3+ 19. Qxf3 Qxf3 20. Rxf3 Bxb2 21.
Ra2 Be5 22. g4 Kg7 23. d3 h5 24. Nd2 hxg4 25. hxg4 Rh8 26. Ne4 Rh4 27. Nxg5
Rxg4+ 28. Rg2 Rxg2+ 29. Kxg2 f6 30. Ne4 Rh8 31. d4 cxd4 32. exd4 Bxd4 33. Nxd6
Bc5 34. Nxb7 Bxa3 35. c5 Rc8 36. Rc3 Kf8 37. c6 Ke7 38. Re3+ Kf8 39. Re6 Kf7
40. Re4 Be7 41. Rc4 Ke6 42. b4 Kd5 43. Na5 Bd6 44. Kf3 Rb8 45. Kf2 Bxb4 46. c7
1/2-1/2

[Event "Madrid 2019-2020 ch - Previa A"]
[Site "Madrid ESP"]
[Date "2020.02.05"]
[Round "3.5"]
[White "Lozano Sanchez, Jose Antonio"]
[Black "Cardena Contreras, Javier"]
[Result "1/2-1/2"]
[WhiteElo "1832"]
[BlackElo "1887"]
[PlyCount "80"]
[EventDate "2020.02.03"]
[EventType "swiss"]
[EventRounds "9"]
[EventCountry "ESP"]
[SourceTitle "Ajedrez en Madrid"]
[Source "lmi"]
[SourceDate "2020.02.03"]
[SourceVersion "1"]
[SourceVersionDate "2020.02.27"]
[SourceQuality "1"]

1. e4 c5 2. Nf3 Nc6 3. Bc4 e6 4. Nc3 Nf6 5. d3 a6 6. a4 d5 7. exd5 exd5 8. Ba2
Be7 9. Bf4 O-O 10. O-O Bg4 11. h3 Bh5 12. g4 d4 13. Ne2 Bg6 14. Nh4 Nd5 15.
Nxg6 hxg6 16. Bg3 Ncb4 17. Bb3 Bf6 18. Nf4 Nxf4 19. Bxf4 Re8 20. Qf3 Qd7 21.
Rfe1 g5 22. Bd2 Nc6 23. Rxe8+ Rxe8 24. Re1 Rxe1+ 25. Bxe1 Qe7 26. Bd2 Ne5 27.
Qe4 b5 28. f4 gxf4 29. Bxf4 c4 30. dxc4 bxc4 31. Ba2 d3 32. cxd3 cxd3 33. Bb1
Qc5+ 34. Kf1 a5 35. Bxd3 Nxd3 36. Qxd3 Bxb2 37. Qb5 Qc3 38. Qe8+ Kh7 39. Qe4+
g6 40. Kg2 Bc1 1/2-1/2

[Event "Madrid 2019-2020 ch - Previa A"]
[Site "Madrid ESP"]
[Date "2020.02.05"]
[Round "3.6"]
[White "Fernandez Rios, Jose Francisco"]
[Black "Viñas Lopez, Carlos"]
[Result "1/2-1/2"]
[WhiteElo "1794"]
[BlackElo "1876"]
[PlyCount "79"]
[EventDate "2020.02.03"]
[EventType "swiss"]
[EventRounds "9"]
[EventCountry "ESP"]
[SourceTitle "Ajedrez en Madrid"]
[Source "lmi"]
[SourceDate "2020.02.03"]
[SourceVersion "1"]
[SourceVersionDate "2020.02.27"]
[SourceQuality "1"]

1. d4 Nf6 2. c4 e6 3. Nf3 Bb4+ 4. Nbd2 a5 5. a3 Bxd2+ 6. Nxd2 d6 7. e4 e5 8. d5
a4 9. Bd3 O-O 10. O-O Nbd7 11. Qe2 Nc5 12. Bc2 h6 13. Nb1 Qe7 14. Nc3 Bd7 15.
Be3 b6 16. Rae1 Rfb8 17. h3 Qe8 18. f4 b5 19. fxe5 Qxe5 20. Bxc5 dxc5 21. cxb5
Ra5 22. Bd3 Ne8 23. Qf2 Nd6 24. Qxc5 Nxb5 25. Qb4 Qd4+ 26. Qxd4 Nxd4 27. Rf2
Nb5 28. Nxb5 Bxb5 29. Bxb5 Raxb5 30. Rc1 Rxb2 31. Rxb2 Rxb2 32. Rxc7 Rb3 33.
Rc8+ Kh7 34. Rc5 Rd3 35. e5 Kg6 36. d6 Kf5 37. Ra5 Ke6 38. Rxa4 Kxe5 39. Ra6
Ke6 40. Kf2 1/2-1/2

[Event "Madrid 2019-2020 ch - Previa A"]
[Site "Madrid ESP"]
[Date "2020.02.05"]
[Round "3.7"]
[White "Pinel Mirasierra, Jose Pablo"]
[Black "Roldan Garcia, Angel"]
[Result "1/2-1/2"]
[WhiteElo "1966"]
[BlackElo "1809"]
[PlyCount "141"]
[EventDate "2020.02.03"]
[EventType "swiss"]
[EventRounds "9"]
[EventCountry "ESP"]
[SourceTitle "Ajedrez en Madrid"]
[Source "lmi"]
[SourceDate "2020.02.03"]
[SourceVersion "1"]
[SourceVersionDate "2020.02.27"]
[SourceQuality "1"]

1. e4 c5 2. d3 Nc6 3. g3 g6 4. Bg2 Bg7 5. f4 e6 6. Nc3 a6 7. Be3 d6 8. a4 Nge7
9. Nf3 Bd7 10. O-O O-O 11. Rb1 Nd4 12. Qd2 Nxf3+ 13. Bxf3 Nc6 14. e5 dxe5 15.
Bxc5 Re8 16. fxe5 Bxe5 17. d4 Bg7 18. Ne2 Qc7 19. c4 b6 20. Ba3 Rad8 21. Rbd1
Ne7 22. b3 Nf5 23. Bb2 Bc8 24. Rf2 Bh6 25. Qc3 Be3 26. b4 e5 27. d5 a5 28. Be4
axb4 29. Qxb4 Bxf2+ 30. Kxf2 Qc5+ 31. Qxc5 bxc5 32. Ba3 Nd6 33. Nc3 Nxc4 34.
Bxc5 Bd7 35. Bd3 Nb2 36. Rd2 Nxd3+ 37. Rxd3 Ra8 38. Ne4 Kg7 39. Nd6 Reb8 40.
Nc4 Bf5 41. Rd2 Rxa4 42. Nxe5 Rba8 43. d6 Ra2 44. Rxa2 Rxa2+ 45. Ke3 Ra8 46. d7
f6 47. Be7 Bxd7 48. Nxd7 Re8 49. Nxf6 Rxe7+ 50. Ne4 Ra7 51. h4 h6 52. Kf4 Ra4
53. Kf3 Ra3+ 54. Kf4 Kf7 55. Nf2 Ra4+ 56. Kf3 Ke6 57. Ng4 h5 58. Ne3 Ra3 59.
Kf4 Ra1 60. Kf3 Kf6 61. Nd5+ Kf7 62. Nf4 Ra3+ 63. Kf2 Kf6 64. Kg2 Kf5 65. Kh3
Ra4 66. Nd5 Ra1 67. Ne7+ Kf6 68. Nd5+ Ke5 69. Nf4 Ra6 70. Nd3+ Kf6 71. Kg2
1/2-1/2

[Event "Madrid 2019-2020 ch - Previa A"]
[Site "Madrid ESP"]
[Date "2020.02.05"]
[Round "3.8"]
[White "Del Castillo Izquierdo, Jose"]
[Black "Ciuro Muñoz, Ricardo"]
[Result "0-1"]
[WhiteElo "1602"]
[BlackElo "1953"]
[PlyCount "126"]
[EventDate "2020.02.03"]
[EventType "swiss"]
[EventRounds "9"]
[EventCountry "ESP"]
[SourceTitle "Ajedrez en Madrid"]
[Source "lmi"]
[SourceDate "2020.02.03"]
[SourceVersion "1"]
[SourceVersionDate "2020.02.27"]
[SourceQuality "1"]

1. d4 e6 2. c4 Nf6 3. Nc3 d5 4. cxd5 exd5 5. Bg5 Be7 6. e3 c6 7. Bd3 Nbd7 8.
Nf3 Nf8 9. O-O Ne6 10. Bh4 Nh5 11. Bxe7 Qxe7 12. Ne5 Nf6 13. f4 O-O 14. Qc2 Re8
15. Rf3 Nf8 16. Re1 c5 17. Rg3 Bd7 18. Qe2 cxd4 19. exd4 Qb4 20. Qf2 Bc6 21. a3
Qb6 22. Bb1 Rad8 23. Rd1 Ne4 24. Nxe4 dxe4 25. Nc4 Qc7 26. Ne3 Ba4 27. Re1 Bd7
28. Ba2 Be6 29. d5 Bc8 30. Nc4 b6 31. f5 Qc5 32. Qxc5 bxc5 33. f6 g6 34. Na5
Rd6 35. Nc6 Rxf6 36. Rge3 Ba6 37. g3 Bb5 38. Nxa7 Bd7 39. Bc4 Rb6 40. b3 Ra8
41. Nc6 Bxc6 42. dxc6 Rxa3 43. Rf1 Ra7 44. Rxe4 Rxc6 45. Re8 Kg7 46. Rfe1 Rcc7
47. Kf2 Nd7 48. R8e7 Nb6 49. Rxc7 Rxc7 50. Kf3 Kf6 51. Kf4 Rd7 52. h4 Nxc4 53.
bxc4 Rd4+ 54. Re4 Rxe4+ 55. Kxe4 Ke6 56. Kf4 h6 57. g4 f5 58. g5 h5 59. Kf3 Ke5
60. Ke3 f4+ 61. Kf3 Kf5 62. Kf2 Kg4 63. Kg2 Kxh4 0-1

[Event "Madrid 2019-2020 ch - Previa A"]
[Site "Madrid ESP"]
[Date "2020.02.05"]
[Round "3.9"]
[White "Alvarez Abejon, Amilcar"]
[Black "Corral Aragon, Juan Maria"]
[Result "1-0"]
[WhiteElo "1947"]
[BlackElo "1766"]
[PlyCount "95"]
[EventDate "2020.02.03"]
[EventType "swiss"]
[EventRounds "9"]
[EventCountry "ESP"]
[SourceTitle "Ajedrez en Madrid"]
[Source "lmi"]
[SourceDate "2020.02.03"]
[SourceVersion "1"]
[SourceVersionDate "2020.02.27"]
[SourceQuality "1"]

1. d4 d5 2. Bf4 c6 3. e3 Qb6 4. Qc1 Bf5 5. c4 e6 6. Nc3 Bb4 7. c5 Qa5 8. Nge2
Nf6 9. a3 Bxc3+ 10. Qxc3 Qxc3+ 11. Nxc3 b6 12. Na4 b5 13. Nc3 a5 14. f3 O-O 15.
a4 b4 16. Na2 Nbd7 17. Nc1 Rfe8 18. Bd6 e5 19. Kd2 e4 20. f4 Rec8 21. Nb3 Ne8
22. Rc1 f6 23. Be2 Nxd6 24. cxd6 Be6 25. Rc2 c5 26. Nxc5 Nxc5 27. dxc5 b3 28.
Rc3 Rab8 29. Bb5 Rd8 30. Rhc1 Kf7 31. c6 Rxd6 32. c7 Rc8 33. Rc6 Ke7 34. Ba6
Bd7 35. Rxd6 Kxd6 36. Bxc8 Bxc8 37. Rc3 h5 38. h4 g6 39. g3 f5 40. Rc1 d4 41.
exd4 Kd7 42. Ke3 Ba6 43. Rc5 Bc8 44. Rxa5 Kxc7 45. Rb5 Bd7 46. Rxb3 Bxa4 47.
Rc3+ Kd6 48. Rc8 1-0

[Event "Madrid 2019-2020 ch - Previa A"]
[Site "Madrid ESP"]
[Date "2020.02.05"]
[Round "3.10"]
[White "Rosa Ramirez, Victor D."]
[Black "Fernandez Garcia, Ignacio"]
[Result "1-0"]
[WhiteElo "1888"]
[BlackElo "1755"]
[PlyCount "59"]
[EventDate "2020.02.03"]
[EventType "swiss"]
[EventRounds "9"]
[EventCountry "ESP"]
[SourceTitle "Ajedrez en Madrid"]
[Source "lmi"]
[SourceDate "2020.02.03"]
[SourceVersion "1"]
[SourceVersionDate "2020.02.27"]
[SourceQuality "1"]

1. e4 d6 2. d4 Nf6 3. Nc3 g6 4. Be3 Bg7 5. Qd2 Ng4 6. Bg5 c6 7. h3 Nf6 8. Bh6
Bxh6 9. Qxh6 Qa5 10. Bd3 b5 11. Nge2 Ba6 12. b4 Qc7 13. O-O Bb7 14. f4 a5 15.
a3 axb4 16. axb4 Rxa1 17. Rxa1 e5 18. Qg7 Rg8 19. Qxf6 Nd7 20. Qh4 exd4 21.
Nxd4 Qb6 22. Qf2 Ke7 23. Re1 f6 24. e5 dxe5 25. fxe5 f5 26. Qh4+ Ke8 27. Kh1 c5
28. Ndxb5 Kf8 29. e6 Nb8 30. Qf6+ 1-0

[Event "Madrid 2019-2020 ch - Previa A"]
[Site "Madrid ESP"]
[Date "2020.02.05"]
[Round "3.11"]
[White "Baeza Escudero, Javier"]
[Black "Villodre Miranda, Juan Alonso"]
[Result "1/2-1/2"]
[WhiteElo "1884"]
[BlackElo "1582"]
[PlyCount "88"]
[EventDate "2020.02.03"]
[EventType "swiss"]
[EventRounds "9"]
[EventCountry "ESP"]
[SourceTitle "Ajedrez en Madrid"]
[Source "lmi"]
[SourceDate "2020.02.03"]
[SourceVersion "1"]
[SourceVersionDate "2020.02.27"]
[SourceQuality "1"]

1. e4 e5 2. Nf3 d6 3. d4 exd4 4. Nxd4 Nc6 5. Nc3 Nf6 6. f3 Be7 7. Be3 Nxd4 8.
Qxd4 a6 9. O-O-O c5 10. Qd2 Be6 11. g4 h6 12. Bf4 Qa5 13. Bxd6 Bxd6 14. Qxd6
Rd8 15. Qxd8+ Qxd8 16. Rxd8+ Kxd8 17. Na4 Nd7 18. c4 Kc7 19. Be2 Rb8 20. Nc3 g5
21. h4 Ne5 22. b3 Kc6 23. hxg5 hxg5 24. Rh5 f6 25. Rh6 Nd7 26. e5 Nxe5 27. Rxf6
Kd6 28. Ne4+ Ke7 29. Rh6 Nf7 30. Rg6 Rh8 31. Nxc5 Bc8 32. Ne4 Rh1+ 33. Kd2 Rh2
34. Nxg5 Ne5 35. Rg8 Be6 36. Ke3 Bxg8 37. f4 Nf7 38. Ne4 Bh7 39. Nc5 Nd6 40. f5
Bxf5 41. gxf5 Nxf5+ 42. Kd3 Nd6 43. a3 Rh3+ 44. Kc2 Rg3 1/2-1/2

[Event "Madrid 2019-2020 ch - Previa A"]
[Site "Madrid ESP"]
[Date "2020.02.05"]
[Round "3.12"]
[White "Garcia Diez, Mariano"]
[Black "Gonzalez-Ruano Perez, Cesar"]
[Result "1-0"]
[WhiteElo "1804"]
[BlackElo "1855"]
[PlyCount "60"]
[EventDate "2020.02.03"]
[EventType "swiss"]
[EventRounds "9"]
[EventCountry "ESP"]
[SourceTitle "Ajedrez en Madrid"]
[Source "lmi"]
[SourceDate "2020.02.03"]
[SourceVersion "1"]
[SourceVersionDate "2020.02.27"]
[SourceQuality "1"]

1. e4 d6 2. d4 Nf6 3. Nc3 Nbd7 4. f4 e5 5. Nf3 exd4 6. Qxd4 c6 7. Bc4 d5 8.
exd5 Bc5 9. Qd1 O-O 10. Na4 Re8+ 11. Be2 Nxd5 12. Nxc5 Qa5+ 13. c3 Qxc5 14. Qd4
Qe7 15. Qd1 N7f6 16. Ne5 Bf5 17. O-O Rad8 18. Bc4 Ne3 19. Bxf7+ Kf8 20. Bxe3
Rxd1 21. Raxd1 Nd5 22. Bxd5 cxd5 23. Rxd5 b6 24. Rfd1 h5 25. Rd7 Bxd7 26. Ng6+
Kf7 27. Nxe7 Rxe7 28. Kf2 Kg6 29. Rd5 Bf5 30. Re5 Rf7 1-0

[Event "Madrid 2019-2020 ch - Previa A"]
[Site "Madrid ESP"]
[Date "2020.02.05"]
[Round "3.13"]
[White "Hernandez Recio, Roberto"]
[Black "Lopez Orellana, Federico"]
[Result "1-0"]
[WhiteElo "1845"]
[BlackElo "1705"]
[PlyCount "73"]
[EventDate "2020.02.03"]
[EventType "swiss"]
[EventRounds "9"]
[EventCountry "ESP"]
[SourceTitle "Ajedrez en Madrid"]
[Source "lmi"]
[SourceDate "2020.02.03"]
[SourceVersion "1"]
[SourceVersionDate "2020.02.27"]
[SourceQuality "1"]

1. d4 e6 2. c4 f5 3. g3 Nf6 4. Bg2 Be7 5. Nf3 O-O 6. O-O d6 7. b3 Nbd7 8. Bb2
Ne4 9. Nfd2 Nxd2 10. Nxd2 e5 11. e4 exd4 12. Bxd4 Bf6 13. Bxf6 Qxf6 14. exf5
Qxf5 15. Be4 Qh3 16. Qc2 Nc5 17. Bg2 Qh5 18. b4 Bf5 19. Qc3 Nd3 20. Bxb7 Rae8
21. Bf3 Qg6 22. Bg2 Bg4 23. f3 Bh3 24. Bxh3 Nf4 25. Rfe1 Nxh3+ 26. Kf1 Ng5 27.
Rxe8 Qxe8 28. Re1 Qh5 29. Re7 Rf6 30. Kg2 Qh3+ 31. Kg1 Ne6 32. Qe3 Rh6 33. Nf1
Kf8 34. Rd7 Ke8 35. Rxg7 Kd8 36. Rg4 Qh5 37. Rh4 1-0

[Event "Madrid 2019-2020 ch - Previa A"]
[Site "Madrid ESP"]
[Date "2020.02.05"]
[Round "3.14"]
[White "Lopez Heras, Arturo"]
[Black "Vazquez Gonzalez, Jesus"]
[Result "0-1"]
[WhiteElo "1719"]
[BlackElo "1983"]
[PlyCount "72"]
[EventDate "2020.02.03"]
[EventType "swiss"]
[EventRounds "9"]
[EventCountry "ESP"]
[SourceTitle "Ajedrez en Madrid"]
[Source "lmi"]
[SourceDate "2020.02.03"]
[SourceVersion "1"]
[SourceVersionDate "2020.02.27"]
[SourceQuality "1"]

1. e4 d6 2. Nf3 Nf6 3. Nc3 e5 4. d4 Nbd7 5. Be2 Be7 6. O-O O-O 7. dxe5 dxe5 8.
Bg5 c6 9. a3 h6 10. Bh4 Re8 11. Bc4 b5 12. Ba2 Bc5 13. Bg3 Qe7 14. Nh4 Nf8 15.
Kh1 g6 16. Qd2 Kg7 17. f4 Bd4 18. fxe5 Bxe5 19. Bxe5 Qxe5 20. Nf3 Qh5 21. e5
Ng4 22. Qf4 Ne6 23. Bxe6 Bxe6 24. h3 g5 25. Qe4 f5 26. exf6+ Nxf6 27. Qxc6 Bc4
28. Rfe1 g4 29. Qc7+ Kh8 30. Ne5 gxh3 31. Nxc4 hxg2+ 32. Kxg2 Rg8+ 33. Kf2 Qf5+
34. Ke2 Rg2+ 35. Ke3 Re8+ 36. Kd4 Rg4+ 0-1

[Event "Madrid 2019-2020 ch - Previa A"]
[Site "Madrid ESP"]
[Date "2020.02.05"]
[Round "3.15"]
[White "Sarabia Diaz, Santiago"]
[Black "Gil Sierra, Jacinto"]
[Result "0-1"]
[WhiteElo "1724"]
[BlackElo "1945"]
[PlyCount "38"]
[EventDate "2020.02.03"]
[EventType "swiss"]
[EventRounds "9"]
[EventCountry "ESP"]
[SourceTitle "Ajedrez en Madrid"]
[Source "lmi"]
[SourceDate "2020.02.03"]
[SourceVersion "1"]
[SourceVersionDate "2020.02.27"]
[SourceQuality "1"]

1. e4 c5 2. Nf3 Nc6 3. d4 cxd4 4. Nxd4 Nf6 5. Nc3 d6 6. Be3 Ng4 7. Bc4 Nxe3 8.
fxe3 e6 9. O-O Be7 10. Qg4 O-O 11. Nxc6 bxc6 12. e5 d5 13. Bd3 f5 14. Qh3 Rb8
15. Rf3 Rb4 16. Rg3 Rh4 17. Kh1 Rxh3 18. gxh3 Bh4 19. Rg2 Qc7 0-1

[Event "Madrid 2019-2020 ch - Previa A"]
[Site "Madrid ESP"]
[Date "2020.02.05"]
[Round "3.16"]
[White "Esteban Amo, Jose M."]
[Black "Cruz Gonzalez, Antonio"]
[Result "1-0"]
[WhiteElo "1932"]
[BlackElo "1719"]
[PlyCount "121"]
[EventDate "2020.02.03"]
[EventType "swiss"]
[EventRounds "9"]
[EventCountry "ESP"]
[SourceTitle "Ajedrez en Madrid"]
[Source "lmi"]
[SourceDate "2020.02.03"]
[SourceVersion "1"]
[SourceVersionDate "2020.02.27"]
[SourceQuality "1"]

1. d4 Nf6 2. Nf3 g6 3. Bg5 Bg7 4. Nbd2 d5 5. e3 Nbd7 6. c4 c6 7. Bd3 Qb6 8. Qc2
c5 9. O-O O-O 10. Rfe1 cxd4 11. exd4 e6 12. c5 Qc7 13. b4 Re8 14. Bh4 e5 15.
dxe5 Nxe5 16. Nxe5 Rxe5 17. Bg3 Rxe1+ 18. Rxe1 Qd8 19. Nf3 Bd7 20. Bd6 Bf8 21.
Bg3 Rc8 22. Ne5 Be6 23. Qb1 Nh5 24. h4 Nxg3 25. fxg3 Qf6 26. h5 Bf5 27. hxg6
hxg6 28. Bxf5 gxf5 29. Qd3 Re8 30. Qxd5 Bg7 31. Nf3 Rxe1+ 32. Nxe1 Qd4+ 33.
Qxd4 Bxd4+ 34. Kf1 a5 35. a3 axb4 36. axb4 Kf8 37. Ke2 Bc3 38. Nd3 Ke7 39. Kd1
Kd7 40. Kc2 Bf6 41. Kb3 Kc6 42. Kc4 b5+ 43. cxb6 Kxb6 44. Nc5 Be7 45. Nd7+ Kc7
46. Ne5 f6 47. Ng6 Bd6 48. Nf4 Be5 49. Kb5 Kb7 50. Kc5 Bc7 51. Kd5 Kb6 52. Ke6
Bd8 53. Kxf5 Kb5 54. Nd5 Kc4 55. Nxf6 Kxb4 56. g4 Kc5 57. Ke6 Bc7 58. g5 Bf4
59. g6 Bh6 60. g4 Kc6 61. Kf7 1-0

[Event "Madrid 2019-2020 ch - Previa A"]
[Site "Madrid ESP"]
[Date "2020.02.05"]
[Round "3.17"]
[White "Hernandez Garcia, Carlos"]
[Black "Ruiz Quevedo, Andres"]
[Result "1-0"]
[WhiteElo "1679"]
[BlackElo "1898"]
[PlyCount "83"]
[EventDate "2020.02.03"]
[EventType "swiss"]
[EventRounds "9"]
[EventCountry "ESP"]
[SourceTitle "Ajedrez en Madrid"]
[Source "lmi"]
[SourceDate "2020.02.03"]
[SourceVersion "1"]
[SourceVersionDate "2020.02.27"]
[SourceQuality "1"]

1. e4 c5 2. Nf3 d6 3. d4 cxd4 4. Nxd4 Nf6 5. Nc3 a6 6. Bg5 e6 7. f4 Bd7 8. e5
dxe5 9. fxe5 Qa5 10. Bf4 Nd5 11. Nb3 Qb4 12. Bd2 Nxc3 13. Bxc3 Qh4+ 14. Kd2 Be7
15. Qe1 Bg5+ 16. Kd1 Qg4+ 17. Qe2 Qh4 18. a4 O-O 19. g3 Qh6 20. Bg2 Bc6 21. h4
Rd8+ 22. Ke1 Be7 23. Bd2 Qg6 24. Bf4 Bxg2 25. Qxg2 Nc6 26. c3 Rd5 27. Qe2 Qf5
28. Rf1 Nxe5 29. Nd4 Nd3+ 30. Kd1 Nxf4 31. Rxf4 Qh3 32. Qf3 f6 33. Kc2 Rad8 34.
Rh1 Qxh1 35. Qxh1 e5 36. Re4 Kf7 37. Nf5 Rd2+ 38. Kb3 Bc5 39. Rc4 R8d5 40. Rxc5
Rxc5 41. Qxb7+ Kg6 42. g4 1-0

[Event "Madrid 2019-2020 ch - Previa A"]
[Site "Madrid ESP"]
[Date "2020.02.05"]
[Round "3.18"]
[White "Jara Sanchez, Carlos"]
[Black "Marcos Herrero, Francisco"]
[Result "0-1"]
[WhiteElo "1652"]
[BlackElo "1883"]
[PlyCount "64"]
[EventDate "2020.02.03"]
[EventType "swiss"]
[EventRounds "9"]
[EventCountry "ESP"]
[SourceTitle "Ajedrez en Madrid"]
[Source "lmi"]
[SourceDate "2020.02.03"]
[SourceVersion "1"]
[SourceVersionDate "2020.02.27"]
[SourceQuality "1"]

1. e4 c5 2. Nf3 g6 3. d3 Bg7 4. g3 Nc6 5. Nbd2 e6 6. Bg2 Nge7 7. O-O O-O 8. Re1
d6 9. Nf1 b6 10. c3 Bb7 11. Bf4 Qd7 12. Qd2 Ne5 13. Nxe5 dxe5 14. Bg5 Nc6 15.
Rad1 f6 16. Bh6 Rad8 17. Bxg7 Kxg7 18. h4 h5 19. Qe2 Ba6 20. c4 Nd4 21. Qd2 Qe7
22. b3 Rd6 23. Ne3 Rfd8 24. Nc2 Qc7 25. Nxd4 Rxd4 26. Qe3 b5 27. Bf3 Qa5 28.
Qd2 Qxd2 29. Rxd2 bxc4 30. bxc4 Rxc4 31. Be2 Rcd4 32. Red1 c4 0-1